Library of the University of Algiers 3
Ibrahim Sultan Cheibout
شعار جامعة الجزائر 3
مكتبة جامعة الجزائر 3
إبراهيم سلطان شيبوط

الادارة بالرقابة / (رقم التسجيلة. 41930)

تفاصيل مارك
000 -LEADER
fixed length control field 01958nam a2200241Ia 4500
003 - CONTROL NUMBER IDENTIFIER
control field Ost
005 - DATE AND TIME OF LATEST TRANSACTION
control field 20260507074941.0
008 - FIXED-LENGTH DATA ELEMENTS--GENERAL INFORMATION
fixed length control field 260507s9999||||xx |||||||||||||| ||und||
020 ## - INTERNATIONAL STANDARD BOOK NUMBER
International Standard Book Number 9789957463465
040 ## - CATALOGING SOURCE
Transcribing agency fsecg
041 ## - LANGUAGE CODE
Language code of text/sound track or separate title ara
082 ## - DEWEY DECIMAL CLASSIFICATION NUMBER
Classification number 658.401
100 ## - MAIN ENTRY--PERSONAL NAME
Personal name الفاعوري، محمد عيسى
Relator term مؤلف
245 #0 - TITLE STATEMENT
Title الادارة بالرقابة /
Statement of responsibility, etc. محمد عيسى الفاعوري
246 ## - VARYING FORM OF TITLE
Title proper/short title administrative control
260 ## - PUBLICATION, DISTRIBUTION, ETC.
Place of publication, distribution, etc. عمان:
Name of publisher, distributor, etc. دار الكنوز المعرفة,
Date of publication, distribution, etc. 2008
300 ## - PHYSICAL DESCRIPTION
Extent 286 صفحة؛
Other physical details إيضاحات ؛
Dimensions 24 سم
504 ## - BIBLIOGRAPHY, ETC. NOTE
Bibliography, etc. note بيبليوغرافيا ص. 283
520 ## - SUMMARY, ETC.
Summary, etc. يحتوي الكتاب على المحاور التالية: مفهوم الرقابة الإدارية و عناصرها و اهميتها و أهدافها، أنواع الرقابة،عملية الرقابة في الإدارة، أساليب الرقابة في الإدارة العامة، أجهزة الرقابة الداخلية ووحدات الرقابة الداخلية و ديوان الخدمة المدنية في الأردن، الفساد الإداري و دور الحكومة في الحد منه في الأردن،مبدا شرعية الرقابة، الرقابة و المسؤولية وأخلاقيات الوظيفة العامة، علاج مشكلة المسؤولية و المساءلة و الرقابة ، الرقابة على المؤسسات العامة، دور المعلومات في الرقابة الإدارية، مفهوم اللامركزية في الإدارة التربوية، الإصلاحات الإدارية في الأمم المتحدةن الفساد هل يتقلص أم يزداد في الوطن العربي، تشريعات الصحافة العربية بين ثقافة حقوق الإنسان و ثورة الإتصالات الدولية.
653 ## - INDEX TERM--UNCONTROLLED
Uncontrolled term ادارة الاعمال
653 ## - INDEX TERM--UNCONTROLLED
Uncontrolled term ادارة مشاريع
942 ## - ADDED ENTRY ELEMENTS (KOHA)
Koha item type كتب
المقتنيات
Withdrawn status Lost status Source of classification or shelving scheme Damaged status Not for loan Home library Current library Date acquired Serial enumeration / chronology Inventory number Total checkouts Full call number Barcode Date last seen Price effective from Koha item type
    Dewey Decimal Classification   NOT LOAN / إعارة داخلية مكتبة كلية العلوم الإقتصادية والعلوم التجارية وعلوم التسيير مكتبة كلية العلوم الإقتصادية والعلوم التجارية وعلوم التسيير 07/05/2026 الطابق الأرضي 3451   أ/2772ن1 3451 07/05/2026 07/05/2026 كتب
    Dewey Decimal Classification   Available مكتبة كلية العلوم الإقتصادية والعلوم التجارية وعلوم التسيير مكتبة كلية العلوم الإقتصادية والعلوم التجارية وعلوم التسيير 07/05/2026 الطابق الأرضي 3452   أ/2772ن2 3452 07/05/2026 07/05/2026 كتب
    Dewey Decimal Classification   Available مكتبة كلية العلوم الإقتصادية والعلوم التجارية وعلوم التسيير مكتبة كلية العلوم الإقتصادية والعلوم التجارية وعلوم التسيير 07/05/2026 الطابق الأرضي 3453   أ/2772ن3 3453 07/05/2026 07/05/2026 كتب
    Dewey Decimal Classification   Available مكتبة كلية العلوم الإقتصادية والعلوم التجارية وعلوم التسيير مكتبة كلية العلوم الإقتصادية والعلوم التجارية وعلوم التسيير 07/05/2026 الطابق الثاني 3454   أ/2772ن4 3454 07/05/2026 07/05/2026 كتب
    Dewey Decimal Classification   Available مكتبة كلية العلوم الإقتصادية والعلوم التجارية وعلوم التسيير مكتبة كلية العلوم الإقتصادية والعلوم التجارية وعلوم التسيير 07/05/2026 الطابق الثاني 3455   أ/2772ن5 3455 07/05/2026 07/05/2026 كتب
    Dewey Decimal Classification   Available مكتبة كلية العلوم الإقتصادية والعلوم التجارية وعلوم التسيير مكتبة كلية العلوم الإقتصادية والعلوم التجارية وعلوم التسيير 07/05/2026 مكتبة بن عكنون 3456   أ/2772ن6 3456 07/05/2026 07/05/2026 كتب
    Dewey Decimal Classification   Available مكتبة كلية العلوم الإقتصادية والعلوم التجارية وعلوم التسيير مكتبة كلية العلوم الإقتصادية والعلوم التجارية وعلوم التسيير 07/05/2026 مكتبة بن عكنون 3457   أ/2772ن7 3457 07/05/2026 07/05/2026 كتب
    Dewey Decimal Classification   Available مكتبة كلية العلوم الإقتصادية والعلوم التجارية وعلوم التسيير مكتبة كلية العلوم الإقتصادية والعلوم التجارية وعلوم التسيير 07/05/2026 مكتبة بن عكنون 3458   أ/2772ن8 3458 07/05/2026 07/05/2026 كتب

موارد الويب المفتوحة


© University of Algiers 3 All Rights Reserved
|
Implemented by LECHELAH Riad